000 004160000a22001690004500
003 MACL
005 20151230120033.0
008 151230b xxu||||| |||| 00| 0 eng d
040 _aMACL
_cMACL
041 _aEnglish
082 _a301/JAC
100 _aJacobs, Melville
_924632
245 _aGenral Anthropology
260 _bBarnes & Noble
_c1952
650 _asociology Science
_917652
942 _cBK
_k301/Jac
_2ddc
999 _c34974
_d34974